Thông tin và tư liệu

Guardat en:
Dades bibliogràfiques
Format: Llibre
Idioma:Undetermined
Publicat: Hà Nội Bộ Khoa học và Công nghệ. Trung tâm thông tin Khoa học và Công nghệ quốc gia
Matèries:
Etiquetes: Afegir etiqueta
Sense etiquetes, Sigues el primer a etiquetar aquest registre!
Thư viện lưu trữ: Trung tâm Học liệu Trường Đại học Cần Thơ
LEADER 00629nam a2200157Ia 4500
001 CTU_235843
008 210402s9999 xx 000 0 und d
082 |a 301 
082 |b Th455 
245 0 |a Thông tin và tư liệu 
245 0 |c Bộ Khoa học và Công nghệ. Trung tâm thông tin Khoa học và Công nghệ quốc gia 
260 |a Hà Nội 
260 |b Bộ Khoa học và Công nghệ. Trung tâm thông tin Khoa học và Công nghệ quốc gia 
650 |a Library science,Information science 
904 |i T.Trang 
980 |a Trung tâm Học liệu Trường Đại học Cần Thơ